[Event "TCh-CHN Division A 2014"]
[Site "Jiangmen CHN"]
[Date "2014.04.12"]
[Round "1.1"]
[White "Ma, Zhonghan"]
[Black "Xiu, Deshun"]
[Result "1/2-1/2"]
[BlackTitle "GM"]
[WhiteElo "2471"]
[BlackElo "2553"]
[WhiteTeam "Qingdao Experimental School"]
[BlackTeam "Beijing"]
[WhiteFideId "8607206"]
[BlackFideId "8603693"]
[EventDate "2014.04.12"]

1. d4 d5 2. c4 e6 3. Nc3 Bb4 4. g3 Nf6 5. Bg2 O-O 6. Nf3 dxc4 7. O-O Nc6 8. Bg5
Rb8 9. e3 b5 10. Nd2 Ne7 11. a4 a6 12. Bxf6 gxf6 13. Qh5 Ng6 14. axb5 axb5 15.
Nde4 Bxc3 16. bxc3 Bb7 17. Nc5 Bxg2 18. Kxg2 Ra8 19. Qf3 f5 20. Rfb1 Rxa1 21.
Rxa1 Qd5 22. Qxd5 exd5 23. Ra7 Rc8 24. Na6 c6 25. Nb4 Kf8 26. Kf3 Ke8 27. h3 h5
28. g4 fxg4+ 29. hxg4 hxg4+ 30. Kxg4 Kf8 31. Kf5 Kg7 32. Ra6 Rc7 33. f3 Rc8 34.
e4 dxe4 35. fxe4 Rh8 36. Nxc6 Rh5+ 37. Kg4 Rh4+ 38. Kg3 Rxe4 39. Kf3 Rf4+ 40.
Ke3 Rh4 41. Rb6 Rh3+ 42. Ke4 Rxc3 43. Rxb5 Rc1 44. d5 c3 45. Rc5 Re1+ 46. Kd4
Nf4 47. Nb4 Kf6 48. Kxc3 Rc1+ 49. Nc2 Ke5 50. Kd2 Rh1 51. d6+ Kxd6 52. Rf5 Rh2+
53. Kd1 Nd5 54. Rxf7 Ke5 55. Rf3 Nb6 56. Rc3 Kd5 57. Rd3+ Kc4 58. Rf3 Nd7 59.
Re3 Nc5 60. Re2 Rh1+ 61. Kd2 Nb3+ 62. Ke3 Kc3 63. Kf2 Rh2+ 64. Ke1 Rh1+ 65. Kf2
Nc1 66. Kg2 Rh8 67. Rf2 Nd3 68. Ne3 Rg8+ 69. Kf1 Nxf2 70. Kxf2 Kd3 71. Nf1 Rf8+
72. Kg2 Rf4 73. Ng3 Ke3 74. Nf1+ Ke2 75. Ng3+ Ke1 76. Nh5 Rf8 77. Ng3 Kd2 78.
Nf1+ Kd3 79. Ng3 Ke3 80. Nf1+ Ke4 81. Ng3+ Kf4 82. Kf2 Kg4+ 83. Kg2 Rf7 84. Ne2
Rf3 85. Nd4 Ra3 86. Kf2 Rd3 87. Ne2 Rf3+ 88. Kg2 Rf8 89. Ng3 Kf4 90. Kf2 Rf7 91.
Nf1 Rh7 92. Ke2 Rh3 93. Nd2 Re3+ 94. Kf2 Re8 95. Nf1 Ke4 96. Ke2 Kd4+ 97. Kf2
Kd3 98. Ng3 Rg8 99. Kf3 Rf8+ 100. Kg2 Rf4 101. Nh5 Ra4 102. Kf3 Kd4 103. Ng3 Ke5
104. Ne2 Ra3+ 105. Kf2 Rh3 106. Kg2 Re3 107. Kf2 Ke4 108. Ng3+ Kd3 109. Kg2 Re8
110. Kf3 Rg8 111. Kf2 Rf8+ 112. Kg2 Kd4 113. Nf1 Ke5 114. Ng3 Kf4 115. Kf2 Rf7
116. Nf1 Ke4+ 117. Ke2 Kd4 118. Nd2 Re7+ 119. Kf2 Kd3 120. Nf1 1/2-1/2

[Event "TCh-CHN Division A 2014"]
[Site "Jiangmen CHN"]
[Date "2014.04.12"]
[Round "1.1"]
[White "Mu, Ke"]
[Black "Yu, Yangyi"]
[Result "1/2-1/2"]
[BlackTitle "GM"]
[WhiteElo "2413"]
[BlackElo "2705"]
[WhiteTeam "Qingdao Experimental School"]
[BlackTeam "Beijing"]
[WhiteFideId "8602778"]
[BlackFideId "8603820"]
[EventDate "2014.04.12"]

1. d4 Nf6 2. c4 e6 3. Nc3 Bb4 4. e3 O-O 5. Ne2 d5 6. a3 Bd6 7. Ng3 c6 8. Bd3
dxc4 9. Bxc4 Nbd7 10. O-O e5 11. Bb3 Bc7 12. d5 cxd5 13. Nxd5 Nxd5 14. Bxd5 Nf6
15. Bf3 Re8 16. Qxd8 Rxd8 17. b4 Nd5 18. Bb2 f6 19. Rfd1 Be6 20. Rd2 Rd7 21.
Rad1 Rad8 22. Ne4 b6 23. Nc3 Nxc3 24. Bxc3 Kf8 25. Rxd7 Bxd7 26. g4 Ke7 27. Kg2
Bd6 28. h3 Rc8 29. Bd2 Rc2 30. Be4 Bc6 31. Bxc6 Rxc6 32. Rc1 Kd7 33. Kf3 Rxc1
34. Bxc1 g6 35. Ke4 Ke6 36. f3 f5+ 37. gxf5+ gxf5+ 38. Kd3 b5 39. Bd2 Bc7 40.
Be1 Bb6 41. Bc3 Kd5 42. e4+ Ke6 43. Bb2 a6 44. Bc3 Bf2 45. Ke2 Bg1 46. Kd3 Ba7
47. Bb2 Bf2 48. Bc3 Bg3 49. Bd2 Kf6 50. Ke2 fxe4 51. fxe4 Bf4 52. Bc3 Bc1 53.
Kd1 Be3 54. Ke2 Bd4 55. Bd2 Bb2 56. Kd3 Kg6 57. Kc2 Bd4 58. Kd3 Kh5 59. Be1 Kg5
60. Bg3 Bb2 61. Kc2 Bxa3 62. Kb3 Bc1 63. Bxe5 Bf4 64. Bc3 h5 65. Kc2 Bd6 66. Be1
Kf6 67. Kd3 Ke6 68. Kd4 Be7 69. Kd3 Ke5 70. Bg3+ Ke6 71. Be1 Bf6 72. Bg3 Bd8 73.
Be1 Bc7 74. Kd4 Bb6+ 75. Kd3 Bd8 1/2-1/2

[Event "TCh-CHN Division A 2014"]
[Site "Jiangmen CHN"]
[Date "2014.04.12"]
[Round "1.1"]
[White "Xu, Zhihang"]
[Black "Wang, Hao"]
[Result "0-1"]
[BlackTitle "GM"]
[WhiteElo "2119"]
[BlackElo "2710"]
[WhiteTeam "Qingdao Experimental School"]
[BlackTeam "Beijing"]
[WhiteFideId "8611572"]
[BlackFideId "8602883"]
[EventDate "2014.04.12"]

1. d4 Nf6 2. c4 g6 3. Nc3 d5 4. Bf4 Bg7 5. e3 O-O 6. cxd5 Nxd5 7. Nxd5 Qxd5 8.
Bxc7 Na6 9. Bxa6 Qxg2 10. Qf3 Qxf3 11. Nxf3 bxa6 12. Rc1 Be6 13. b3 Rfc8 14. Rc5
f6 15. Rg1 Bf8 16. Ke2 Bd7 17. d5 Bb5+ 18. Kd2 e5 19. d6 Rxc7 20. Rxc7 Bxd6 21.
Rcc1 Rd8 22. Kc2 Ba3 23. Rcd1 Rc8+ 24. Kb1 Be2 25. Nd2 Bxd1 26. Rxd1 Rd8 27. Kc2
Kf7 28. Nc4 Rxd1 29. Kxd1 Bc5 30. f3 Ke6 31. e4 f5 32. Ke2 h5 33. Kf1 g5 34. Kg2
Kf6 35. h3 fxe4 36. fxe4 g4 37. hxg4 hxg4 38. Nb2 Bd4 39. Nd3 Kg5 40. Kg3 a5 41.
a3 Bc3 42. a4 Kh5 43. Nc5 Be1+ 44. Kg2 Kh4 45. Nd7 Bc3 46. Nf6 g3 47. Nd5 Bd2
48. Nf6 Be1 49. Nd7 Bc3 50. Nf6 Bd4 51. Nd5 Kg4 0-1

[Event "TCh-CHN Division A 2014"]
[Site "Jiangmen CHN"]
[Date "2014.04.12"]
[Round "1.1"]
[White "Wang, Jue"]
[Black "Gong, Qianyun"]
[Result "0-1"]
[WhiteTitle "WGM"]
[BlackTitle "WIM"]
[WhiteElo "2353"]
[BlackElo "2349"]
[WhiteTeam "Beijing"]
[BlackTeam "Qingdao Experimental School"]
[WhiteFideId "8604070"]
[BlackFideId "8602425"]
[EventDate "2014.04.12"]

1. c4 Nf6 2. Nc3 e6 3. e4 d5 4. cxd5 exd5 5. e5 d4 6. exf6 dxc3 7. Qe2+ Be6 8.
bxc3 Qxf6 9. Qb5+ Nd7 10. Qxb7 Qe5+ 11. Ne2 Bd5 12. Qb1 Bd6 13. d4 Qe6 14. Be3
O-O 15. Qc1 Nb6 16. f3 Rfe8 17. Bf4 Bc4 18. Bxd6 cxd6 19. Qd2 Nd5 20. Kf2 Ne3
21. Ng3 Rab8 22. Be2 Qh6 23. Qc1 Bxe2 24. Nxe2 Qg6 25. Ng3 Qd3 26. Re1 Nc2 27.
Rxe8+ Rxe8 28. Rb1 Qxc3 29. Nf5 Qd3 30. Qg5 g6 31. Nh6+ Kg7 32. Rb7 Rf8 33. Kg3
Nxd4 34. Ng4 Nf5+ 35. Kh3 Qd4 36. Qc1 h5 37. Qc2 hxg4+ 0-1

[Event "TCh-CHN Division A 2014"]
[Site "Jiangmen CHN"]
[Date "2014.04.12"]
[Round "1.1"]
[White "Song, Yuxin"]
[Black "Lei, Tingjie"]
[Result "0-1"]
[BlackTitle "WGM"]
[WhiteElo "1685"]
[BlackElo "2421"]
[WhiteTeam "Beijing"]
[BlackTeam "Qingdao Experimental School"]
[WhiteFideId "8614300"]
[BlackFideId "8605114"]
[EventDate "2014.04.12"]

1. e4 c5 2. Nc3 e6 3. f4 d5 4. Nf3 Nc6 5. Bb5 dxe4 6. Nxe4 Bd7 7. O-O Be7 8. d3
Nf6 9. Kh1 Qc7 10. a3 O-O 11. Qe1 Rfd8 12. Bd2 Nh5 13. Bxc6 Bxc6 14. Ne5 Be8 15.
g3 Nf6 16. Kg1 Nxe4 17. Qxe4 c4 18. Qxc4 Qb6+ 19. Kg2 Rac8 20. Qb3 Qxb3 21. cxb3
Rc2 22. Rf2 Bc5 23. Be3 Rxf2+ 24. Bxf2 Bxf2 25. Kxf2 f6 26. Nf3 Rxd3 27. Re1
Rxb3 28. Rxe6 Rxb2+ 29. Kg1 Kf7 30. Re3 Bc6 31. Ne1 a5 32. g4 a4 33. h3 b5 34.
h4 Bd5 35. f5 b4 36. axb4 Rxb4 37. Rg3 Be4 38. Re3 h5 39. gxh5 Bxf5 40. Rf3 Bg4
41. Rg3 Bxh5 42. Rh3 Rb3 43. Rxb3 axb3 44. Nd3 Bg6 45. Nb2 Ke6 46. Kf2 Kf5 47.
Kf3 Bh5+ 0-1

[Event "TCh-CHN Division A 2014"]
[Site "Jiangmen CHN"]
[Date "2014.04.12"]
[Round "1.2"]
[White "Bu, Xiangzhi"]
[Black "Yu, Ruiyuan"]
[Result "1-0"]
[WhiteTitle "GM"]
[BlackTitle "GM"]
[WhiteElo "2707"]
[BlackElo "2552"]
[WhiteTeam "Shandong"]
[BlackTeam "Jiangsu"]
[WhiteFideId "8601445"]
[BlackFideId "8603090"]
[EventDate "2014.04.12"]

1. Nf3 d5 2. c4 c6 3. e3 Nf6 4. Nc3 g6 5. d4 Bg7 6. Be2 O-O 7. O-O dxc4 8. Bxc4
Bg4 9. Be2 Nbd7 10. e4 Ne8 11. Be3 Nd6 12. Qb3 Qb6 13. Rfd1 Qxb3 14. axb3 a6 15.
h3 Be6 16. Ra3 h6 17. d5 cxd5 18. exd5 Bf5 19. g4 Be4 20. Nd2 f5 21. Ndxe4 fxe4
22. Ra4 b5 23. Ra5 Rfc8 24. Rda1 Nc5 25. Bxc5 Rxc5 26. b4 Rcc8 27. Nxb5 Rc2 28.
Re1 Nxb5 29. Bxb5 Rf8 30. Rxa6 Bd4 31. Rxe4 Rc1+ 32. Kg2 Rxf2+ 33. Kg3 Rg1+ 34.
Kh4 Bf6+ 35. Rxf6 Rxf6 36. Re3 Kf7 37. Bc4 Rf4 38. b3 Kf8 39. d6 exd6 40. b5 Kg7
41. Re7+ Kf6 42. Re6+ Kg7 43. b6 Rf8 44. Bd3 g5+ 45. Kh5 Rf3 46. Rg6+ Kf8 47.
Rf6+ Rxf6 48. b7 Kg7 49. b8=Q Rg3 50. Qa7+ Kf8 51. Bf1 Rxf1 52. Kxh6 Rxh3+ 53.
Kg6 Rhf3 54. Qd7 Rf6+ 55. Kxg5 Rf7 56. Qxd6+ Ke8 57. Kg6 Rd7 58. Qb8+ Ke7 59. g5
Rd6+ 60. Kh5 Rh1+ 61. Kg4 Rg1+ 62. Kf4 Rf1+ 63. Ke3 Re1+ 64. Kf3 Rf1+ 65. Kg2
Rf5 66. Qb7+ Ke6 67. Qe4+ Re5 68. Qg4+ Kf7 69. Qf4+ Ke6 70. g6 Rdd5 71. Qf7+ Kd6
72. Qf6+ Re6 73. Qf4+ Ke7 74. Kh3 Rdd6 75. Qf7+ Kd8 76. g7 Re3+ 77. Kg2 1-0

[Event "TCh-CHN Division A 2014"]
[Site "Jiangmen CHN"]
[Date "2014.04.12"]
[Round "1.2"]
[White "Wen, Yang"]
[Black "Lin, Chen"]
[Result "1/2-1/2"]
[WhiteTitle "GM"]
[BlackTitle "IM"]
[WhiteElo "2586"]
[BlackElo "2463"]
[WhiteTeam "Shandong"]
[BlackTeam "Jiangsu"]
[WhiteFideId "8602956"]
[BlackFideId "8602298"]
[EventDate "2014.04.12"]

1. d4 d5 2. c4 c6 3. Nf3 Nf6 4. Nc3 a6 5. g3 b5 6. b3 Bf5 7. Bg2 e6 8. O-O Nbd7
9. Nh4 Bg6 10. Nxg6 hxg6 11. a3 b4 12. axb4 Bxb4 13. Bd2 a5 14. e4 Bxc3 15. Bxc3
Nxe4 16. Bxe4 dxe4 17. Qe1 f5 18. Bxa5 Qb8 19. Qc3 Kf7 20. Bb4 Rxa1 21. Rxa1 g5
22. Bc5 Nxc5 23. dxc5 Rd8 24. b4 Rd3 25. Qb2 Kg6 26. b5 Qd8 27. Rf1 Rd1 28. Qc2
Rd2 29. Qc3 Rd3 30. Qc2 Rd2 31. Qb3 Rd3 32. Qb2 Rd1 33. Qc2 1/2-1/2

[Event "TCh-CHN Division A 2014"]
[Site "Jiangmen CHN"]
[Date "2014.04.12"]
[Round "1.2"]
[White "Guo, Qi"]
[Black "Xu, Huahua"]
[Result "1-0"]
[WhiteTitle "WGM"]
[BlackTitle "WIM"]
[WhiteElo "2458"]
[BlackElo "2106"]
[WhiteTeam "Jiangsu"]
[BlackTeam "Shandong"]
[WhiteFideId "8604002"]
[BlackFideId "8604096"]
[EventDate "2014.04.12"]

1. d4 d5 2. c4 c6 3. Nf3 Nf6 4. Nc3 dxc4 5. a4 Bf5 6. Ne5 Nbd7 7. Nxc4 Nb6 8.
Ne5 a5 9. e3 Nbd7 10. Qf3 Be6 11. Nc4 Nb6 12. b3 g6 13. h3 Bg7 14. Be2 O-O 15.
Bb2 Nfd5 16. O-O Nb4 17. Rfd1 Qc7 18. Rac1 Rfe8 19. Ba3 Bxc4 20. bxc4 e5 21. c5
N6d5 22. Nxd5 Nxd5 23. e4 Nb4 24. d5 cxd5 25. exd5 e4 26. Qb3 Bh6 27. d6 Qd8 28.
Bc4 Qf6 29. Bb2 1-0

[Event "TCh-CHN Division A 2014"]
[Site "Jiangmen CHN"]
[Date "2014.04.12"]
[Round "1.2"]
[White "Shen, Yang"]
[Black "Xiao, Yiyi"]
[Result "1-0"]
[WhiteTitle "IM"]
[BlackTitle "WFM"]
[WhiteElo "2475"]
[BlackElo "2248"]
[WhiteTeam "Jiangsu"]
[BlackTeam "Shandong"]
[WhiteFideId "8603162"]
[BlackFideId "8606161"]
[EventDate "2014.04.12"]

1. d4 Nf6 2. c4 e6 3. Nc3 Bb4 4. e3 c5 5. Bd3 O-O 6. Ne2 d5 7. a3 cxd4 8. axb4
dxc3 9. Nxc3 dxc4 10. Bxc4 Qe7 11. b5 b6 12. e4 Nbd7 13. Be3 Ne5 14. Be2 Bb7 15.
f3 Ng6 16. O-O e5 17. Ra4 Nf4 18. Bc4 Rfd8 19. Qb3 Nd7 20. Qa2 Nc5 21. Rxa7 Nce6
22. g3 Rdc8 23. gxf4 Rxa7 24. Qxa7 Rxc4 25. Nd5 Qh4 26. Qxb7 h6 27. f5 Ng5 28.
Qb8+ Kh7 29. Qxe5 Nxf3+ 30. Rxf3 Rxe4 31. Qc3 Qg4+ 32. Rg3 Qd1+ 33. Kf2 1-0

[Event "TCh-CHN Division A 2014"]
[Site "Jiangmen CHN"]
[Date "2014.04.12"]
[Round "1.3"]
[White "Ding, Liren"]
[Black "Liu, Chang"]
[Result "1-0"]
[WhiteTitle "GM"]
[WhiteElo "2730"]
[BlackElo "2368"]
[WhiteTeam "Zhejiang"]
[BlackTeam "Guangdong"]
[WhiteFideId "8603677"]
[BlackFideId "8606340"]
[EventDate "2014.04.12"]

1. d4 g6 2. c4 Bg7 3. Nf3 Nf6 4. g3 O-O 5. Bg2 d6 6. O-O c6 7. Nc3 Qa5 8. h3 e5
9. e4 Nbd7 10. Be3 exd4 11. Bxd4 Re8 12. Nd2 Qc7 13. Rc1 b6 14. f4 Bb7 15. Bf2
Nc5 16. Qf3 Nfd7 17. g4 a5 18. g5 Rf8 19. h4 f6 20. Qg3 Rae8 21. b3 Re7 22. a3
fxg5 23. hxg5 Ne6 24. Be3 Nd4 25. Kh1 c5 26. Bxd4 Bxd4 27. Nb5 Qc6 28. Rce1 Nb8
29. Nf3 Bg7 30. f5 Be5 31. Nxe5 Rxe5 32. fxg6 Nd7 33. gxh7+ Kxh7 34. Qh4+ Kg8
35. Qh6 d5 36. Nd6 1-0

[Event "TCh-CHN Division A 2014"]
[Site "Jiangmen CHN"]
[Date "2014.04.12"]
[Round "1.3"]
[White "Lu, Shanglei"]
[Black "Zeng, Chongsheng"]
[Result "0-1"]
[WhiteTitle "GM"]
[BlackTitle "GM"]
[WhiteElo "2566"]
[BlackElo "2540"]
[WhiteTeam "Zhejiang"]
[BlackTeam "Guangdong"]
[WhiteFideId "8603332"]
[BlackFideId "8603847"]
[EventDate "2014.04.12"]

1. e4 e5 2. Nf3 Nc6 3. Bb5 Nf6 4. d3 Bc5 5. c3 O-O 6. O-O d6 7. h3 Ne7 8. d4 Bb6
9. Bd3 Ng6 10. Be3 d5 11. Nbd2 exd4 12. cxd4 dxe4 13. Nxe4 Nd5 14. Bg5 f6 15.
Bd2 Bf5 16. Re1 Ngf4 17. Bc4 Kh8 18. Nh4 Bxe4 19. Bxf4 f5 20. Bg3 Nb4 21. a3 Nc6
22. d5 Nd4 23. Qh5 Qe8 24. Qg5 Nc2 25. Rad1 Nxe1 26. Be5 Bxf2+ 27. Kxf2 Qxe5 28.
Ng6+ hxg6 29. Qh4+ Kg8 30. d6+ Rf7 31. d7 Qc5+ 0-1

[Event "TCh-CHN Division A 2014"]
[Site "Jiangmen CHN"]
[Date "2014.04.12"]
[Round "1.3"]
[White "Yu, Lie"]
[Black "Li, Shilong"]
[Result "0-1"]
[WhiteTitle "IM"]
[BlackTitle "GM"]
[WhiteElo "2327"]
[BlackElo "2495"]
[WhiteTeam "Zhejiang"]
[BlackTeam "Guangdong"]
[WhiteFideId "8603715"]
[BlackFideId "8600678"]
[EventDate "2014.04.12"]

1. Nf3 Nf6 2. d4 g6 3. g3 Bg7 4. Bg2 O-O 5. c4 d6 6. O-O Nbd7 7. b3 e5 8. Bb2
Re8 9. Nc3 exd4 10. Nxd4 Nc5 11. h3 c6 12. Qc2 a5 13. Rad1 h5 14. e4 Qb6 15.
Nde2 a4 16. Nxa4 Nxa4 17. bxa4 Qb4 18. Nc3 Be6 19. Qb3 Qxc4 20. Qxc4 Bxc4 21.
Rfe1 Nd7 22. Rxd6 Nc5 23. Red1 Nxa4 24. Nxa4 Rxa4 25. Rd8 Rxd8 26. Rxd8+ Kh7 27.
Bxg7 Kxg7 28. Rd7 Rb4 29. a3 Rb1+ 30. Kh2 Rb2 31. Kg1 Be6 32. Rc7 Kf8 33. f4 Ke8
34. f5 Bd7 35. e5 gxf5 0-1

[Event "TCh-CHN Division A 2014"]
[Site "Jiangmen CHN"]
[Date "2014.04.12"]
[Round "1.3"]
[White "Liu, Manli CHN"]
[Black "Qiu, Mengjie"]
[Result "0-1"]
[BlackTitle "WFM"]
[WhiteElo "1988"]
[BlackElo "2126"]
[WhiteTeam "Guangdong"]
[BlackTeam "Zhejiang"]
[WhiteFideId "8608121"]
[BlackFideId "8606137"]
[EventDate "2014.04.12"]

1. e4 e5 2. Nf3 Nc6 3. Bb5 Nf6 4. d3 Bc5 5. c3 O-O 6. O-O d6 7. Nbd2 Bb6 8. Nc4
Ne7 9. Ba4 Ng6 10. Bc2 Re8 11. Re1 h6 12. d4 Be6 13. Nxb6 axb6 14. a3 Nh7 15.
Be3 Qf6 16. h3 Ng5 17. Nxg5 hxg5 18. Bb3 Nf4 19. Bxe6 Qxe6 20. Qg4 Qxg4 21. hxg4
Nd3 22. Re2 exd4 23. Bxg5 dxc3 24. bxc3 d5 25. f3 dxe4 26. fxe4 Ra4 27. Rd2 Nc5
28. Rd4 Rxe4 29. Rad1 Rexd4 30. Rxd4 Rxa3 31. Rd8+ Kh7 32. Bd2 Ne4 33. Be1 Nxc3
34. Rd7 c5 35. Rxb7 Nd5 36. Rxf7 b5 37. Rb7 Rb3 38. Bf2 c4 39. Bd4 c3 40. g5 Kg6
41. Rxg7+ Kf5 42. Rf7+ Ke6 43. Rf2 Rb1+ 44. Kh2 Rd1 45. Re2+ Kf7 46. Rf2+ Kg6 0-1

[Event "TCh-CHN Division A 2014"]
[Site "Jiangmen CHN"]
[Date "2014.04.12"]
[Round "1.3"]
[White "Li, Xueyi"]
[Black "Ding, Yixin"]
[Result "0-1"]
[BlackTitle "WGM"]
[WhiteElo "2193"]
[BlackElo "2440"]
[WhiteTeam "Guangdong"]
[BlackTeam "Zhejiang"]
[WhiteFideId "8605912"]
[BlackFideId "8602972"]
[EventDate "2014.04.12"]

1. d4 b5 2. e4 Bb7 3. Bd3 e6 4. Ne2 c5 5. c3 Nf6 6. f3 c4 7. Bc2 d5 8. e5 Nfd7
9. O-O Nc6 10. f4 g6 11. f5 gxf5 12. Nf4 Ne7 13. a4 Qb6 14. a5 Qc6 15. Qh5 Ng6
16. Nd2 O-O-O 17. Nf3 Be7 18. Bd2 a6 19. Ne2 f6 20. Bh6 Rhg8 21. Be3 Qc7 22.
exf6 Nxf6 23. Qh3 Kb8 24. Ng5 Bc8 25. Nf4 Nxf4 26. Bxf4 Bd6 27. Bxd6 Rxd6 28.
Nf3 Ng4 29. Ne5 Nxe5 30. dxe5 Rd7 31. Qe3 d4 32. cxd4 Bb7 33. Rf2 Rdg7 0-1

[Event "TCh-CHN Division A 2014"]
[Site "Jiangmen CHN"]
[Date "2014.04.12"]
[Round "1.4"]
[White "Wang, Rui"]
[Black "Savchenko, Boris"]
[Result "0-1"]
[WhiteTitle "GM"]
[BlackTitle "GM"]
[WhiteElo "2394"]
[BlackElo "2598"]
[WhiteTeam "Hebei"]
[BlackTeam "Tianjing"]
[WhiteFideId "8601003"]
[BlackFideId "4147332"]
[EventDate "2014.04.12"]

1. d4 Nf6 2. Nf3 e6 3. Bg5 c5 4. e3 h6 5. Bh4 Qb6 6. Qc1 g5 7. Bg3 Nc6 8. dxc5
Qxc5 9. Be2 Ne4 10. Nbd2 Nxg3 11. hxg3 Bg7 12. Nb3 Qb6 13. c4 Qb4+ 14. Nfd2 d5
15. O-O O-O 16. Rd1 a5 17. cxd5 exd5 18. Nf3 a4 19. Nbd4 Qb6 20. Qd2 Be6 21.
Rac1 g4 22. Ne1 Nxd4 23. exd4 Rfc8 24. Rc3 Rc6 25. b3 Bxd4 26. Rxc6 Bxf2+ 27.
Kh2 bxc6 28. Qxh6 Bg1+ 29. Kh1 Qe3 30. Qxe3 Bxe3 31. Nc2 Bf2 32. Rf1 Bb6 33. b4
Kg7 0-1

[Event "TCh-CHN Division A 2014"]
[Site "Jiangmen CHN"]
[Date "2014.04.12"]
[Round "1.4"]
[White "Yang, Kaiqi"]
[Black "Ma, Qun"]
[Result "1-0"]
[WhiteTitle "IM"]
[BlackTitle "GM"]
[WhiteElo "2351"]
[BlackElo "2621"]
[WhiteTeam "Hebei"]
[BlackTeam "Tianjing"]
[WhiteFideId "8604398"]
[BlackFideId "8603154"]
[EventDate "2014.04.12"]

1. e4 c5 2. Nf3 Nc6 3. Nc3 g6 4. d4 cxd4 5. Nxd4 Bg7 6. Be3 Nf6 7. Bc4 O-O 8.
Bb3 d6 9. f3 Bd7 10. Qd2 Rc8 11. h4 h5 12. O-O-O Ne5 13. Bg5 Rc5 14. Kb1 Re8 15.
Bh6 Bh8 16. g4 hxg4 17. h5 Qa5 18. f4 Nc4 19. Qd3 Na3+ 20. Kc1 Rxc3 21. bxc3 b5
22. hxg6 Nc4 23. a4 d5 24. gxf7+ Kxf7 25. e5 Ne4 26. e6+ Bxe6 27. Nxe6 Qxc3 28.
Ng5+ Kg8 29. Qxd5+ 1-0

[Event "TCh-CHN Division A 2014"]
[Site "Jiangmen CHN"]
[Date "2014.04.12"]
[Round "1.4"]
[White "Ni, Shiqun"]
[Black "Zhai, Mo"]
[Result "1/2-1/2"]
[WhiteTitle "WIM"]
[BlackTitle "WIM"]
[WhiteElo "2262"]
[BlackElo "2325"]
[WhiteTeam "Tianjing"]
[BlackTeam "Hebei"]
[WhiteFideId "8608466"]
[BlackFideId "8600201"]
[EventDate "2014.04.12"]

1. e4 c5 2. Nf3 d6 3. Bb5+ Nd7 4. d4 cxd4 5. Qxd4 a6 6. Bxd7+ Bxd7 7. O-O e5 8.
Qd3 h6 9. c4 Nf6 10. Nc3 Be7 11. Rd1 Rc8 12. Nd2 Qc7 13. a4 O-O 14. b3 b5 15.
axb5 axb5 16. Nxb5 Bxb5 17. cxb5 d5 18. Bb2 Rfd8 19. Rac1 Qb8 20. Rxc8 Qxc8 21.
Rc1 Qb8 22. Qe2 Bb4 23. exd5 Bxd2 24. Qxd2 Rxd5 25. Qc2 Qxb5 26. Qf5 Rd8 27.
Qxe5 Qxb3 28. h3 Re8 29. Qd4 Re2 30. Qd8+ Re8 31. Qd2 Nd5 32. Qd4 1/2-1/2

[Event "TCh-CHN Division A 2014"]
[Site "Jiangmen CHN"]
[Date "2014.04.12"]
[Round "1.4"]
[White "Khotenashvili, Bela"]
[Black "Wang, Doudou"]
[Result "1-0"]
[WhiteTitle "GM"]
[BlackTitle "WIM"]
[WhiteElo "2504"]
[BlackElo "2215"]
[WhiteTeam "Tianjing"]
[BlackTeam "Hebei"]
[WhiteFideId "13602640"]
[BlackFideId "8603197"]
[EventDate "2014.04.12"]

1. Nf3 Nf6 2. g3 g6 3. Bg2 Bg7 4. O-O O-O 5. c4 d6 6. Nc3 e5 7. d4 Nbd7 8. h3 c6
9. e4 exd4 10. Nxd4 Re8 11. Re1 Qa5 12. Rb1 Ne5 13. Bf1 d5 14. b4 Qd8 15. cxd5
cxd5 16. Bg5 dxe4 17. Nxe4 Bf5 18. Nxf5 Qxd1 19. Nxf6+ Bxf6 20. Rexd1 Nf3+ 21.
Kg2 Nxg5 22. Nd6 Re7 23. Bc4 Kf8 24. Rb3 Rb8 25. Rbd3 a6 26. Bb3 Rd8 27. h4 Ne6
28. Bxe6 Rxe6 29. a3 b5 30. Kf3 Be7 31. Ne4 Rxd3+ 32. Rxd3 a5 33. Ng5 Ra6 34.
Rd5 axb4 35. axb4 h6 36. Ne4 Bxb4 37. Rxb5 Ke7 38. h5 f5 1-0

[Event "TCh-CHN Division A 2014"]
[Site "Jiangmen CHN"]
[Date "2014.04.12"]
[Round "1.5"]
[White "Zhou, Weiqi"]
[Black "Li, Di"]
[Result "1/2-1/2"]
[WhiteTitle "GM"]
[BlackTitle "FM"]
[WhiteElo "2614"]
[BlackElo "2209"]
[WhiteTeam "Chongqing"]
[BlackTeam "Chengdu"]
[WhiteFideId "8601674"]
[BlackFideId "8607508"]
[EventDate "2014.04.12"]

1. c4 Nf6 2. Nc3 d5 3. cxd5 Nxd5 4. g3 Nxc3 5. bxc3 g6 6. Bg2 Bg7 7. h4 h6 8.
Nf3 O-O 9. d4 c5 10. O-O cxd4 11. cxd4 Nc6 12. Rb1 Qa5 13. d5 Rd8 14. e4 Qxa2
15. Bd2 Bg4 16. Rxb7 Nd4 17. Be3 Qa6 18. Rb4 Ne2+ 19. Kh2 Nc3 20. Qe1 Bxf3 21.
Bxf3 Qd3 22. d6 Qxd6 23. Rb3 Qd3 24. e5 Rac8 25. Kg2 a5 26. Bb6 Rd5 27. e6 f5
28. Ra3 a4 29. Qe3 Qxe3 30. Bxe3 Rb5 31. Rc1 Rb4 32. Bd2 Rbc4 33. Bxc3 Bxc3 34.
Be2 Bb2 35. Rxc4 Rxc4 36. Bxc4 Bxa3 1/2-1/2

[Event "TCh-CHN Division A 2014"]
[Site "Jiangmen CHN"]
[Date "2014.04.12"]
[Round "1.5"]
[White "Wang, Chen"]
[Black "Zhao, Yuanhe"]
[Result "1-0"]
[WhiteTitle "IM"]
[WhiteElo "2508"]
[BlackElo "2137"]
[WhiteTeam "Chongqing"]
[BlackTeam "Chengdu"]
[WhiteFideId "8601020"]
[BlackFideId "8609497"]
[EventDate "2014.04.12"]

1. e4 c5 2. Nc3 e6 3. f4 Nc6 4. Nf3 d5 5. e5 Nge7 6. d3 Nf5 7. g3 Be7 8. Bg2 b5
9. Nxb5 Qa5+ 10. Nc3 d4 11. Nd2 Qa6 12. Qf3 Nb4 13. Qxa8 Nxc2+ 14. Ke2 dxc3 15.
bxc3 Nxa1 16. Qc6+ Kd8 17. Qxa6 Bxa6 18. g4 Nh6 19. h3 c4 20. d4 Kc7 21. Kd1 Rb8
22. Bf1 g5 23. Bxc4 Rb6 24. Bxa6 Rxa6 25. Bb2 Rxa2 26. Kc1 Ba3 27. Bxa3 Rc2+ 28.
Kd1 gxf4 29. Rf1 a5 30. Rxf4 f5 31. exf6 Nf7 32. c4 a4 33. Rf3 Ra2 34. Bc5 Nc2
35. Rc3 Na1 36. Ra3 Rxa3 37. Bxa3 Kd7 38. Kc1 Nb3+ 39. Nxb3 axb3 40. Kb2 Ke8 41.
h4 Nh6 42. g5 Nf5 43. h5 Kf7 44. d5 exd5 45. cxd5 h6 46. d6 Nd4 47. d7 1-0

[Event "TCh-CHN Division A 2014"]
[Site "Jiangmen CHN"]
[Date "2014.04.12"]
[Round "1.5"]
[White "Zvjaginsev, Vadim"]
[Black "Liu, Guanchu"]
[Result "1/2-1/2"]
[WhiteTitle "GM"]
[BlackTitle "IM"]
[WhiteElo "2655"]
[BlackElo "2409"]
[WhiteTeam "Chongqing"]
[BlackTeam "Chengdu"]
[WhiteFideId "4113403"]
[BlackFideId "8603901"]
[EventDate "2014.04.12"]

1. e4 e6 2. d3 d5 3. Qe2 Nf6 4. Nf3 c5 5. g3 Nc6 6. Bg2 Be7 7. O-O O-O 8. e5 Nd7
9. c4 d4 10. h4 Kh8 11. Bf4 f5 12. Ng5 Bxg5 13. hxg5 Qc7 14. g6 hxg6 15. Nd2 Kg8
16. Nf3 Re8 17. Ng5 Nf8 18. g4 Nd8 19. b4 cxb4 20. Rfb1 Bd7 21. gxf5 exf5 22.
Bd5+ Nde6 23. Rxb4 Bc6 24. Qf3 Rad8 25. Rab1 Qd7 26. Rb5 a6 27. Ra5 Qc7 28. Bxc6
Qxc6 29. Qxc6 bxc6 30. Bd2 Rb8 31. Rxb8 Rxb8 32. Rxa6 Rb1+ 33. Kg2 Nxg5 34. Bxg5
Ne6 35. f4 Rd1 36. Rxc6 Kf7 37. Ra6 Rxd3 38. Ra7+ Kf8 39. Ra8+ Kf7 40. Ra7+ Kf8 1/2-1/2